Tiếng Nhật cho mọi người : Bản mới - Sơ cấp 1: Bản dịch và giải thích ngữ pháp - tiếng Việt = Minna no Nihongo
Gồm 25 bài học các kiến thức cơ bản tiếng Nhật (trình độ sơ cấp 1) giới thiệu các cấu trúc từ vựng, ngữ pháp, hội thoại, phần dịch và mẫu câu minh họa.
Na minha lista:
| Formato: | Livro |
|---|---|
| Idioma: | Undetermined |
| Publicado em: |
Thành phố Hồ Chí Minh
Trẻ
2018
|
| Assuntos: | |
| Tags: |
Adicionar Tag
Sem tags, seja o primeiro a adicionar uma tag!
|
| Thư viện lưu trữ: | Trung tâm Học liệu Trường Đại học Cần Thơ |
|---|
| LEADER | 00929nam a2200205Ia 4500 | ||
|---|---|---|---|
| 001 | CTU_239146 | ||
| 008 | 210402s9999 xx 000 0 und d | ||
| 020 | |c 75000 | ||
| 082 | |a 495.68 | ||
| 082 | |b T306 | ||
| 245 | 0 | |a Tiếng Nhật cho mọi người : | |
| 245 | 0 | |b Bản mới - Sơ cấp 1: Bản dịch và giải thích ngữ pháp - tiếng Việt = Minna no Nihongo | |
| 260 | |a Thành phố Hồ Chí Minh | ||
| 260 | |b Trẻ | ||
| 260 | |c 2018 | ||
| 520 | |a Gồm 25 bài học các kiến thức cơ bản tiếng Nhật (trình độ sơ cấp 1) giới thiệu các cấu trúc từ vựng, ngữ pháp, hội thoại, phần dịch và mẫu câu minh họa. | ||
| 650 | |a Tiếng Nhật,Japanese language | ||
| 650 | |x Dạy và học,Study and teaching | ||
| 910 | |b nthai | ||
| 980 | |a Trung tâm Học liệu Trường Đại học Cần Thơ | ||